Top XIs: Besiktas JK (1988-2023) - Statistics

General Stats
  • This quiz has been taken 313 times
  • The average score is 150 of 350
Answer Stats
Hint Position Answer % Correct
2014/2015 ST Demba Ba
89%
2010/2011 MF Ricardo Quaresma
88%
2011/2012 MF Ricardo Quaresma
88%
2015/2016 MF Ricardo Quaresma
88%
2016/2017 MF Ricardo Quaresma
88%
2017/2018 MF Ricardo Quaresma
88%
2018/2019 MF Ricardo Quaresma
88%
2015/2016 ST Cenk Tosun
86%
2016/2017 ST Cenk Tosun
86%
2022/2023 ST Cenk Tosun
86%
2016/2017 MF Talisca
84%
2017/2018 MF Talisca
84%
2016/2017 ST Vincent Aboubakar
83%
2020/2021 ST Vincent Aboubakar
83%
2013/2014 MF Atiba Hutchinson
81%
2014/2015 MF Atiba Hutchinson
81%
2015/2016 MF Atiba Hutchinson
81%
2016/2017 MF Atiba Hutchinson
81%
2019/2020 MF Atiba Hutchinson
81%
2020/2021 MF Atiba Hutchinson
81%
2017/2018 DF Pepe
81%
2018/2019 DF Pepe
81%
2018/2019 DF Domagoj Vida
80%
2019/2020 DF Domagoj Vida
80%
2020/2021 DF Domagoj Vida
80%
2021/2022 DF Domagoj Vida
80%
2020/2021 DF Valentin Rosier
79%
2021/2022 DF Valentin Rosier
79%
2022/2023 DF Valentin Rosier
79%
2015/2016 ST Mario Gómez
78%
2012/2013 MF Oğuzhan Özyakup
77%
2013/2014 MF Oğuzhan Özyakup
77%
2014/2015 MF Oğuzhan Özyakup
77%
2015/2016 MF Oğuzhan Özyakup
77%
2016/2017 DF Adriano
75%
2017/2018 DF Adriano
75%
2018/2019 DF Adriano
75%
1992/1993 MF Sergen Yalçın
75%
1993/1994 MF Sergen Yalçın
75%
1994/1995 MF Sergen Yalçın
75%
1995/1996 MF Sergen Yalçın
75%
1996/1997 MF Sergen Yalçın
75%
2002/2003 MF Sergen Yalçın
75%
2012/2013 DF Necip Uysal
74%
2014/2015 DF Necip Uysal
74%
2015/2016 DF Necip Uysal
74%
2006/2007 ST Burak Yılmaz
73%
2020/2021 MF Rachid Ghezzal
73%
2021/2022 MF Rachid Ghezzal
73%
2022/2023 MF Rachid Ghezzal
73%
2017/2018 ST Ryan Babel
73%
2018/2019 ST Ryan Babel
73%
2018/2019 DF Caner Erkin
70%
2019/2020 DF Caner Erkin
70%
2021/2022 DF Rıdvan Yılmaz
70%
2017/2018 ST Álvaro Negredo
68%
2016/2017 DF Gökhan Gönül
68%
2017/2018 DF Gökhan Gönül
68%
2018/2019 DF Gökhan Gönül
68%
2019/2020 DF Gökhan Gönül
68%
2011/2012 MF Manuel Fernandes
68%
2012/2013 MF Manuel Fernandes
68%
2013/2014 MF Manuel Fernandes
68%
2015/2016 DF Duško Tošić
67%
2016/2017 DF Duško Tošić
67%
2017/2018 DF Duško Tošić
67%
2022/2023 ST Wout Weghorst
67%
2020/2021 ST Cyle Larin
66%
2021/2022 ST Cyle Larin
66%
2022/2023 DF Romain Saïss
66%
2006/2007 ST Bobô
65%
2007/2008 ST Bobô
65%
2008/2009 ST Bobô
65%
2009/2010 ST Bobô
65%
2010/2011 ST Bobô
65%
2016/2017 DF Marcelo
65%
2012/2013 MF Olcay Şahan
64%
2013/2014 MF Olcay Şahan
64%
2014/2015 MF Olcay Şahan
64%
2022/2023 DF Arthur Masuaku
63%
1988/1989 ST Feyyaz Uçar
63%
1989/1990 ST Feyyaz Uçar
63%
1990/1991 ST Feyyaz Uçar
63%
1991/1992 ST Feyyaz Uçar
63%
1992/1993 ST Feyyaz Uçar
63%
1993/1994 ST Feyyaz Uçar
63%
2011/2012 ST Hugo Almeida
62%
2012/2013 ST Hugo Almeida
62%
2013/2014 ST Hugo Almeida
62%
2020/2021 MF Josef de Souza
62%
2021/2022 MF Josef de Souza
62%
2022/2023 MF Josef de Souza
62%
2021/2022 ST Michy Batshuayi
62%
2022/2023 MF Gedson Fernandes
61%
2014/2015 MF José Sosa
60%
2015/2016 MF José Sosa
60%
2022/2023 MF Salih Ucan
60%
2021/2022 MF Miralem Pjanić
58%
2018/2019 MF Adem Ljajić
57%
2019/2020 MF Adem Ljajić
57%
2020/2021 MF Adem Ljajić
57%
2017/2018 MF Gary Medel
57%
2018/2019 MF Gary Medel
57%
2010/2011 MF Guti
57%
2015/2016 DF Andreas Beck
56%
2013/2014 MF Gökhan Töre
56%
2014/2015 MF Gökhan Töre
56%
2020/2021 DF Welinton
56%
2021/2022 DF Welinton
56%
2022/2023 DF Welinton
56%
1989/1990 ST Metin Tekin
55%
1990/1991 ST Metin Tekin
55%
2016/2017 MF Tolgay Arslan
55%
2017/2018 MF Tolgay Arslan
55%
2001/2002 MF Tümer Metin
55%
2003/2004 MF Tümer Metin
55%
2004/2005 MF Tümer Metin
55%
2005/2006 MF Tümer Metin
55%
1988/1989 ST Ali Gültiken
52%
1989/1990 ST Ali Gültiken
52%
1990/1991 ST Ali Gültiken
52%
1991/1992 ST Ali Gültiken
52%
2020/2021 DF Fabrice N'Sakala
52%
2010/2011 MF Simão
49%
2011/2012 MF Simão
49%
2019/2020 MF G.-Kevin N'Koudou
48%
2004/2005 DF İbrahim Toraman
48%
2005/2006 DF İbrahim Toraman
48%
2006/2007 DF İbrahim Toraman
48%
2007/2008 DF İbrahim Toraman
48%
2008/2009 DF İbrahim Toraman
48%
2009/2010 DF İbrahim Toraman
48%
2010/2011 DF İbrahim Toraman
48%
2012/2013 DF İbrahim Toraman
48%
2011/2012 MF Veli Kavlak
48%
2012/2013 MF Veli Kavlak
48%
2013/2014 MF Veli Kavlak
48%
2014/2015 MF Veli Kavlak
48%
2000/2001 ST Pascal Nouma
47%
2008/2009 MF Fabian Ernst
46%
2009/2010 MF Fabian Ernst
46%
2010/2011 MF Fabian Ernst
46%
2011/2012 MF Fabian Ernst
46%
2008/2009 ST Filip Hološko
46%
2012/2013 ST Filip Hološko
46%
2006/2007 MF Matías Delgado
46%
2007/2008 MF Matías Delgado
46%
2008/2009 MF Matías Delgado
46%
2008/2009 DF Tomáš Sivok
46%
2009/2010 DF Tomáš Sivok
46%
2011/2012 DF Tomáš Sivok
46%
2012/2013 DF Tomáš Sivok
46%
2000/2001 DF İbrahim Üzülmez
44%
2001/2002 DF İbrahim Üzülmez
44%
2002/2003 DF İbrahim Üzülmez
44%
2003/2004 DF İbrahim Üzülmez
44%
2004/2005 DF İbrahim Üzülmez
44%
2005/2006 DF İbrahim Üzülmez
44%
2006/2007 DF İbrahim Üzülmez
44%
2007/2008 DF İbrahim Üzülmez
44%
2008/2009 DF İbrahim Üzülmez
44%
2018/2019 ST Jeremain Lens
43%
2019/2020 ST Jeremain Lens
43%
1988/1989 MF Rıza Çalımbay
43%
1989/1990 MF Rıza Çalımbay
43%
1990/1991 MF Rıza Çalımbay
43%
1991/1992 MF Rıza Çalımbay
43%
1992/1993 MF Rıza Çalımbay
43%
1993/1994 MF Rıza Çalımbay
43%
1994/1995 MF Rıza Çalımbay
43%
1995/1996 MF Rıza Çalımbay
43%
2006/2007 DF Serdar Kurtuluş
42%
2013/2014 DF Serdar Kurtuluş
42%
2014/2015 DF Serdar Kurtuluş
42%
2021/2022 MF Alex Teixeira
40%
2001/2002 ST İlhan Mansız
40%
2002/2003 ST İlhan Mansız
40%
1988/1989 MF Mehmet Özdilek
40%
1989/1990 MF Mehmet Özdilek
40%
1990/1991 MF Mehmet Özdilek
40%
1991/1992 MF Mehmet Özdilek
40%
1992/1993 MF Mehmet Özdilek
40%
1993/1994 MF Mehmet Özdilek
40%
1994/1995 MF Mehmet Özdilek
40%
1995/1996 MF Mehmet Özdilek
40%
1996/1997 MF Mehmet Özdilek
40%
1997/1998 MF Mehmet Özdilek
40%
1998/1999 MF Mehmet Özdilek
40%
1999/2000 MF Mehmet Özdilek
40%
2000/2001 MF Mehmet Özdilek
40%
2019/2020 ST Abdoulay Diaby
39%
2010/2011 DF Roberto Hilbert
39%
2011/2012 DF Roberto Hilbert
39%
2012/2013 DF Roberto Hilbert
39%
2010/2011 DF İsmail Köybaşı
38%
2011/2012 DF İsmail Köybaşı
38%
2015/2016 DF İsmail Köybaşı
38%
2006/2007 ST Mert Nobre
38%
2007/2008 ST Mert Nobre
38%
2009/2010 ST Mert Nobre
38%
2013/2014 DF Ramon Motta
38%
2014/2015 DF Ramon Motta
38%
2001/2002 DF Ronaldo Guiaro
38%
2002/2003 DF Ronaldo Guiaro
38%
2003/2004 DF Ronaldo Guiaro
38%
2004/2005 DF Ronaldo Guiaro
38%
2007/2008 MF Rodrigo Tello
37%
2008/2009 MF Rodrigo Tello
37%
2009/2010 MF Rodrigo Tello
37%
2008/2009 DF Ekrem Dağ
36%
2009/2010 DF Ekrem Dağ
36%
2010/2011 DF Ekrem Dağ
36%
2009/2010 DF Matteo Ferrari
35%
2019/2020 DF Víctor Ruiz
35%
1999/2000 ST Ahmet Dursun
34%
2000/2001 ST Ahmet Dursun
34%
2001/2002 ST Ahmet Dursun
34%
2002/2003 ST Ahmet Dursun
34%
2002/2003 ST Daniel Pancu
34%
2003/2004 ST Daniel Pancu
34%
2002/2003 DF Antônio Carlos Zago
32%
2003/2004 DF Antônio Carlos Zago
32%
1996/1997 ST Daniel Amokachi
32%
1997/1998 ST Daniel Amokachi
32%
1998/1999 ST Daniel Amokachi
32%
1999/2000 ST Nihat Kahveci
32%
2000/2001 ST Nihat Kahveci
32%
2001/2002 ST Nihat Kahveci
32%
2009/2010 ST Nihat Kahveci
32%
2019/2020 MF Mohamed Elneny
31%
1997/1998 MF Tayfur Havutçu
31%
1998/1999 MF Tayfur Havutçu
31%
1999/2000 MF Tayfur Havutçu
31%
2000/2001 MF Tayfur Havutçu
31%
2001/2002 MF Tayfur Havutçu
31%
2002/2003 MF Tayfur Havutçu
31%
2003/2004 MF Tayfur Havutçu
31%
2004/2005 MF Tayfur Havutçu
31%
2011/2012 DF Egemen Korkmaz
30%
2004/2005 MF Okan Buruk
30%
2005/2006 MF Okan Buruk
30%
2007/2008 MF Édouard Cissé
27%
2008/2009 MF Édouard Cissé
27%
2004/2005 ST John Carew
27%
2009/2010 MF Michael Fink
27%
2004/2005 MF Ahmed Hassan
26%
2005/2006 MF Ahmed Hassan
26%
2013/2014 DF Julien Escudé
26%
2010/2011 MF Marco Aurélio
26%
1988/1989 DF Recep Çetin
26%
1989/1990 DF Recep Çetin
26%
1990/1991 DF Recep Çetin
26%
1991/1992 DF Recep Çetin
26%
1992/1993 DF Recep Çetin
26%
1993/1994 DF Recep Çetin
26%
1994/1995 DF Recep Çetin
26%
1995/1996 DF Recep Çetin
26%
1996/1997 DF Recep Çetin
26%
1994/1995 ST Ertuğrul Sağlam
25%
1995/1996 ST Ertuğrul Sağlam
25%
1996/1997 ST Ertuğrul Sağlam
25%
1997/1998 ST Ertuğrul Sağlam
25%
2007/2008 DF Gökhan Zan
25%
2005/2006 MF Kléberson
25%
2003/2004 MF Federico Giunti
24%
2006/2007 DF Baki Mercimek
23%
2004/2005 ST İbrahim Akın
23%
2005/2006 ST İbrahim Akın
23%
2005/2006 MF Koray Avcı
23%
2006/2007 MF Koray Avcı
23%
1993/1994 ST Oktay Derelioğlu
23%
1995/1996 ST Oktay Derelioğlu
23%
1996/1997 ST Oktay Derelioğlu
23%
1997/1998 ST Oktay Derelioğlu
23%
1998/1999 ST Oktay Derelioğlu
23%
1988/1989 DF Gökhan Keskin
22%
1989/1990 DF Gökhan Keskin
22%
1990/1991 DF Gökhan Keskin
22%
1991/1992 DF Gökhan Keskin
22%
1992/1993 DF Gökhan Keskin
22%
1993/1994 DF Gökhan Keskin
22%
1994/1995 DF Gökhan Keskin
22%
1988/1989 ST Les Ferdinand
22%
2006/2007 MF Ricardinho
22%
1998/1999 MF Ayhan Akman
21%
1999/2000 MF Ayhan Akman
21%
1994/1995 DF Alpay Özalan
20%
1995/1996 DF Alpay Özalan
20%
1996/1997 DF Alpay Özalan
20%
1997/1998 DF Alpay Özalan
20%
1998/1999 DF Alpay Özalan
20%
2003/2004 DF Emre Aşık
19%
2001/2002 DF Ahmet Yıldırım
18%
2002/2003 DF Ahmet Yıldırım
18%
2003/2004 MF Ahmet Yıldırım
18%
2007/2008 DF Ali Tandoğan
18%
2005/2006 DF Çağdaş Atan
18%
2007/2008 MF Serdar Özkan
17%
2004/2005 DF Ali Güneş
16%
2005/2006 DF Ali Güneş
16%
1988/1989 DF Ulvi Güveneroglu
13%
1989/1990 DF Ulvi Güveneroglu
13%
1990/1991 DF Ulvi Güveneroglu
13%
1991/1992 DF Ulvi Güveneroglu
13%
1992/1993 DF Ulvi Güveneroglu
13%
1998/1999 DF Ali Eren Beşerler
11%
2000/2001 DF Ali Eren Beşerler
11%
1999/2000 DF Markus Münch
11%
2000/2001 DF Markus Münch
11%
1995/1996 ST Stefan Kuntz
11%
1988/1989 DF Kadir Akbulut
10%
1989/1990 DF Kadir Akbulut
10%
1990/1991 DF Kadir Akbulut
10%
1991/1992 DF Kadir Akbulut
10%
2002/2003 MF Roman Dąbrowski
10%
2003/2004 ST Roman Dąbrowski
10%
1992/1993 ST Fani Madida
9%
1993/1994 ST Fani Madida
9%
1994/1995 ST Fani Madida
9%
2001/2002 DF Dmitri Khlestov
8%
1993/1994 DF Mutlu Topçu
8%
1994/1995 DF Mutlu Topçu
8%
2001/2002 MF Zoubeir Baya
8%
1996/1997 DF Erkan Avseren
7%
1997/1998 DF Erkan Avseren
7%
1998/1999 DF Erkan Avseren
7%
1998/1999 MF Jamal Sellami
7%
1999/2000 MF Jamal Sellami
7%
1999/2000 DF Sead Halilagić
7%
1988/1989 MF Zeki Önatli
7%
1996/1997 MF Zlatko Yankov
7%
1997/1998 MF Zlatko Yankov
7%
1996/1997 DF Rahim Zafer
6%
1997/1998 DF Rahim Zafer
6%
1998/1999 DF Rahim Zafer
6%
1999/2000 DF Rahim Zafer
6%
2000/2001 DF Ümit Bozkurt
6%
1990/1991 MF Alan Walsh
5%
1994/1995 MF Eyjólfur Sverrisson
5%
1989/1990 MF Ian Wilson
5%
1992/1993 ST Mitar Mrkela
5%
1999/2000 DF Oliver Schäfer
5%
1991/1992 MF Turan Uzun
5%
1997/1998 MF Yordan Lechkov
5%
2000/2001 MF Miroslav Karhan
4%
1991/1992 MF Adam Zejer
3%
1992/1993 DF Ali Güncar
3%
1993/1994 DF Ali Güncar
3%
1995/1996 DF Ali Güncar
3%
1995/1996 DF Ronny Johnsen
3%
No matching quizzes found
Score Distribution
Percent of People with Each Score
Percentile by Number Answered
Your Score History
You have not taken this quiz